| 000 | 00465nmm a2200169Ia 4500 | ||
|---|---|---|---|
| 008 | 251105s9999||||xx |||||||||||||||||und|| | ||
| 020 | _a9788481099195 | ||
| 041 | _aspa | ||
| 100 | _aGomá Lanzón, Javier | ||
| 245 | 0 | _aIngenuidad aprendida | |
| 264 |
_a[Madrid, España] : _bGalaxia Gutenberg, _c2011 |
||
| 300 | _a174 páginas | ||
| 490 | _aEnsayo | ||
| 650 | _aPhilosophy, Ethics | ||
| 856 | _uhttps://public.digitaliapublishing.com/a/28775 | ||
| 942 | _cCF | ||
| 999 |
_c85811 _d85811 |
||